| 000 | 00815nam a22002897a 4500 | ||
|---|---|---|---|
| 003 | CHAP | ||
| 005 | 20220329140533.0 | ||
| 008 | 971013s1961 r 00010 d | ||
| 010 | _a53543 | ||
| 011 | _a54515 | ||
| 035 | _a58666 | ||
| 040 | _cCHAP | ||
| 082 |
_a632.951 _bW48 |
||
| 100 | 0 | 0 |
_aWest, Trustham Frederick. _9121535 |
| 245 | _aChemical control of insects | ||
| 250 | _a2 ed. | ||
| 260 |
_aLondon : _bChpman, _c1961 |
||
| 300 |
_a206 p. _b: ilus. |
||
| 590 |
_aBATCH-UPD _b10 _c20130110 _lUCH01 _h0406 |
||
| 590 |
_aBATCH-UPD _b10 _c20130110 _lUCH01 _h2254 |
||
| 590 |
_aCONVERSION _b10 _c20130109 _lUCH01 _h1329 |
||
| 650 | 1 | 4 |
_aInsecticidas. _958855 |
| 700 | 0 |
_aHardy, J. Eliot. _952661 |
|
| 901 | _aBK | ||
| 942 | _cLIBRO | ||
| 949 |
_a632.951 W48 _bBC _cLIBRO _d33724000187290 _eLIBRO _h23264 _i58666 _si |
||
| 999 |
_c53543 _d53543 |
||